000 00255 a2200085 4500
020 _a 9781788840804
100 _a Xu Gang
245 _aRefashioning Concrete: Material, Design and Creation by Bentu (China Culture Perspectives)
260 _b ACC Art Books
_c2020
999 _c13342
_d13342